Szöveg és zene kapcsolata Claudio Monteverdi zenéjében
Elmentve itt :
| Szerző: | |
|---|---|
| További közreműködők: | |
| Dokumentumtípus: | Szakdolgozat |
| Megjelent: |
2005
|
| Tárgyszavak: | |
| Online Access: | http://diploma.bibl.u-szeged.hu/36131 |
| LEADER | 00545nta a2200157 i 4500 | ||
|---|---|---|---|
| 001 | dipl36131 | ||
| 005 | 20210224133513.0 | ||
| 008 | 120203s2005 hu om 0|| hun d | ||
| 040 | |a SZTE Diploma Repozitórium |b hun | ||
| 041 | |a hun | ||
| 100 | 1 | |a Molnár Ágnes | |
| 245 | 1 | 0 | |a Szöveg és zene kapcsolata Claudio Monteverdi zenéjében |h [elektronikus dokumentum] / |c Ágnes Molnár |
| 260 | |c 2005 | ||
| 650 | 4 | |a Művészet | |
| 700 | 1 | |a Gönczy László |e ths | |
| 856 | 4 | 0 | |u http://diploma.bibl.u-szeged.hu/id/eprint/36131/1/2005_molnar_agnes.pdf |z Dokumentum-elérés |